[Event "Malakhatko Memorial op"]
[Site "Chess.com INT"]
[Date "2023.06.14"]
[Round "5"]
[White "Hudz, Alexander"]
[Black "Najgebauer, Szemjon"]
[Result "0-1"]
[WhiteElo "1692"]
[BlackElo "2149"]
[PlyCount "46"]
[EventDate "2023.06.14"]
[EventType "swiss (blitz)"]
[EventRounds "11"]
[EventCountry "USA"]
[SourceTitle "CBM 214 Extra"]
[Source "ChessBase"]
[SourceDate "2023.07.31"]
[SourceVersion "1"]
[SourceVersionDate "2023.07.31"]
[SourceQuality "1"]

1. e4 c5 2. Nf3 Nc6 3. d4 cxd4 4. Nxd4 Nf6 5. Nc3 e5 6. Nxc6 bxc6 7. Bg5 Bb4 8. Bxf6 Bxc3+ 9. bxc3 Qxf6 10. Qd3 0-0 11. Be2 d6 12. 0-0 Rd8 13. f4 exf4 14. e5 Qxe5 15. Bf3 d5 16. Rae1 Qf6 17. Qe2 Bf5 18. Qa6 Qxc3 19. Re2 Bxc2 20. Qb7 Bd3 21. Re7 Bxf1 22. Rxf7 Qd4+ 23. Kxf1 Rab8 0-1